Plastic flow and fracture in solids /

Guardado en:
Autor Principal: Thomas, Tracy Y. 1899-
Formato: Libro
Idioma:English
Publicado: New York : Academic Press, 1961.
Series:Mathematics in science and engineering ; v. 2
Etiquetas: Agregar Etiqueta
Sin Etiquetas, Sea el primero en etiquetar este registro!
LEADER 00557nam a22001695a 4500
001 MAT.inmabb001095
008 031120s1961####nyu###########000#0#eng#d
005 20170809151417.0
245 1 0 |a Plastic flow and fracture in solids /  |c Tracy Y. Thomas. 
260 |a New York :  |b Academic Press,  |c 1961. 
300 |a ix, 267 p. ;  |c 24 cm. 
440 0 |a Mathematics in science and engineering ;  |v v. 2 
510 4 |a MR,  |c 23 #B675 
100 1 |a Thomas, Tracy Y.  |q (Tracy Yerkes),  |d 1899- 
084 |a 74-XX  |2 msc2000 
010 |a  61012277  
859 |h 74  |i T454  |p A-1074  |b BIB. MATEMATICA